A Song of Ice and Fire Character Alias's - Statistics

General Stats
  • This quiz has been taken 40 times
  • The average score is 47 of 64
Answer Stats
Alias Character % Correct
Lord Snow Jon Snow
100%
Kingslayer Ser Jaime Lannister
100%
The Imp Tyrion Lannister
100%
The Usurper King Robert I Baratheon
97%
Lady Stoneheart Lady Catelyn Tully
97%
Littlefinger Lord Petyr Baelish
97%
The Old Lion Lord Tywin Lannister
97%
The Spider Lord Varys
97%
The Young Wolf Robb Stark
97%
The Hound Sandor Clegane
97%
The Onion Knight Ser Davos Seaworth
97%
The Mountain that Rides Ser Gregor Clegane
97%
The Knight of Flowers Ser Loras Tyrell
97%
The Mad King King Aerys I Targaryen
93%
The Old Bear Lord Commander Jeor Mormont
93%
The Late Lord Frey Lord Walder Frey
93%
the Broken Brandon Stark
90%
The Red Woman Lady Melisandre of Asshai
90%
The Red Viper Prince Oberyn Nymeros Martell
90%
Mother of Dragons Princess Daenerys Targaryen
90%
The Boy King Prince Tommen Baratheon
90%
The Bastard O' Bolton Ramsay Snow
90%
the Beauty Brienne of Tarth
86%
Crow's Eye Euron Greyjoy
86%
The Quiet Wolf Lord Eddard Stark
86%
Alayne Stone Sansa Stark
86%
the Bold Ser Barristan Selmy
86%
The Iron Captain Victarion Greyjoy
86%
The Greatjon Lord Jon Umber
83%
The King in the South Lord Renly Baratheon
83%
Sweetrobin Lord Robert Arryn
83%
the Illborn Prince Joffrey Baratheon
83%
The Beggar King Prince Viserys Targaryen
83%
The Smalljon Jon Umber
79%
Lord Oaf Lord Mace Tyrell
79%
The Halfhand Qhorin
79%
The Damphair Aeron Greyjoy
76%
Underfoot Arya Stark
76%
Great Rider Khal Drogo
76%
The King of the Painted Table Lord Stannis Baratheon
76%
the Slayer Samwell Tarly
76%
The Leech Lord Lord Roose Bolton
72%
King-Beyong-the-Wall Mance Rayder
69%
of the Blackwater Bronn
66%
The She-Bear Lady Maege Mormont
66%
the Gallant Ser Garlan Tyrell
66%
The Lightning Lord Lord Beric Dondarrion
62%
Turncloak Theon Greyjoy
62%
Cleftjaw Dagmer
59%
The Bull Gendry
55%
the Twice Crowned Lord Balon Greyjoy
48%
the Strong Belwas
45%
Aurochs Grenn
45%
Little Grandfather Jojen Reed
45%
The Magnar Styr
45%
The Goat Vargo Hoat
41%
The Lemon Lemoncloak
38%
Lord Lamprey Lord Wyman Manderly
38%
The Ember Thoros of Myr
34%
Sevenstrings Tom of Sevenstreams
34%
Prince of the Narrow Sea Salladhor Saan
31%
Ironhand Ser Jacelyn Bywater
21%
Lorath Jaqen H'ghar
17%
Muttonhead Merrett Frey
10%
No matching quizzes found
Score Distribution
Percent of People with Each Score
Percentile by Number Answered
Your Score History
You have not taken this quiz